Aneka biskut moden

Bibliographic Details
Other Authors: Sa'adiah Mohamad
Format: Book
Published: Selangor : Alaf 21 Sendirian Berhad , 2003
Subjects:

MARC

LEADER 00000cam a2200000 7i4500
001 0000014504
005 20080304.0
008 080303
020 |a 9831240464 
090 0 0 |a 641.8654   |b ANE 
245 1 0 |a Aneka biskut moden   |c selenggaraan Sa'adiah Mohamad 
260 |a Selangor :   |b Alaf 21 Sendirian Berhad ,   |c 2003 
650 0 |a Biscuits 
650 0 |a cookies 
700 0 |a Sa'adiah Mohamad 
999 |a 0001013280   |b Book   |c Adult Collection   |e Perbadanan Perpustakaan Awam Johor 
999 |a 0001013281   |b Book   |c Adult Collection   |e Perbadanan Perpustakaan Awam Johor 
999 |a 0001013282   |b Book   |c Adult Collection   |e Perbadanan Perpustakaan Awam Johor 
999 |a 0001013283   |b Book   |c Adult Collection   |e Perbadanan Perpustakaan Awam Johor 
999 |a 0001013284   |b Book   |c Adult Collection   |e Perbadanan Perpustakaan Awam Johor